00414nam a22001097a 450000500170000000800410001704100080005810000210006624501400008726000670022730000100029420241024150803.0241024b |||||||| |||| 00| 0 eng d aeng aSUBUDHI, DR.R.N. aPARIKALPANA : KIITjournal of management Imagineering business , December-2023, issue. vol-19.2. UGC - CARE listed Peer reviewed journal aBHUBANESWARbKALLINGA INSTITUTE OF INDUSTRIAL TECHNOLOGYc2023 a358;P